| 000 | 00396nam a22001577a 4500 | ||
|---|---|---|---|
| 005 | 20170925152451.0 | ||
| 008 | 170925b xxu||||| |||| 00| 0 eng d | ||
| 020 | _a978-81-203-3560 | ||
| 041 | _aeng | ||
| 082 | _a621.312 1 | ||
| 100 |
_aSingh,S N _93979 |
||
| 245 | _aElectric Power Generaton,Transmission And Distribution | ||
| 260 |
_aNew Delhi _bNew Age _c2015 |
||
| 300 | _a433 | ||
| 942 | _cBK | ||
| 999 |
_c5612 _d5610 |
||